United States... or Australia - Statistics

General Stats
  • This quiz has been taken 28 times
  • The average score is 7 of 15
Answer Stats
Question Answer % Correct
Has more venomous animals Australia
100%
Has won an Olympic track and field event Both
83%
Has a higher alcohol consumption rate (per capita) Australia
67%
Is a former British colony Both
67%
Has an continuing Indigenous population Both
67%
Is a bigger country by surface area United States
67%
Was a member of the Allies in WW2 Both
50%
Has at least one five-pointed star in their flag Both
50%
Was a filming location for Star Wars: Episode III Australia
33%
Has a town named 'Iron Knob' Australia
17%
Had a gold rush in the 1800s' Both
17%
Is the birthplace of Mel Gibson United States
17%
Directly elects their head of government United States
17%
Has a national football (not soccer) team named the 'Eagles' Australia
0%
Has Governers as the head of a state government United States
0%
No matching quizzes found
Score Distribution
Percent of People with Each Score
Percentile by Number Answered
Your Score History
You have not taken this quiz